000 00485nam a2200169 4500
001 114242
003 ES-MaACL
005 20231226202704.0
007 t|
008 061121s1902 sp r ||||1| spa d
100 1 _aPalacio Valdés, Armando,
_d1853-1938
_988382
245 1 3 _aEl cuarto poder /
_cArmando Palacio Valdés.
260 _aMadrid :
_b[s.n.],
_c1902 (
_fHijos de M. G. Hernández)
300 _a417 p. ;
_c18 cm.
852 _aES-MaACL
_jB-4039
999 _c114242
_d114242